Statistics for DC- The Birds of Prey

Click here to take the quiz!

General Stats

  • This quiz has been taken 45 times
  • The average score is 9 of 29

Answer Stats

Name% Correct
Barbara Gordon/Batgirl/Oracle
86%
Dinah Lance/Black Canary
81%
Dinah Drake/Black Canary
78%
Helena Bertinelli/Huntress
78%
Helena Kyle/Huntress
78%
Henry Hall/Hawk
57%
Pamela Isley/Poison Ivy
54%
Selena Kyle/Catwoman
54%
Kendra Saunders/Hawkgirl
43%
Katherine Kane/Batwoman
41%
Mari McCabe/Vixen
27%
Tatsu Toro/Katana
27%
Tatsu Yamashiro/Katana
27%
Kara Zor-L/Power Girl
24%
Barda Free/Big Barda
22%
Cynthia Reynolds/Gypsy
22%
Sandra Wu-San/Lady Shiva
16%
Evelyn Crawford/Starling
14%
Katherine Spencer/Manhunter
11%
Benjamin Reyes/Condor
8%
Brian Durlin/Savant
8%
Sonia Sato/Judomaster
8%
Zinda Blake/Lady Blackhawk
8%
Charlotte Gage-Radcliffe/Misfit
5%
Theodore Kord/Blue Beetle
5%
Infinity
3%
Mary Turner/Strix
3%
Aleksandr Creote
0%
Onyx Adams
0%

Score Distribution

Percentile by Number Answered

Percent of People with Each Score

Your Score History

You have not taken this quiz